|
|
|
|
| LEADER |
00000nam a2200000Ia 4500 |
| 008 |
180418b1984 cr ||||| |||| 00| | spa d |
| 999 |
|
|
|c 1744
|d 1744
|
| 090 |
|
|
|a 06.03.06
|b 106
|
| 100 |
|
|
|9 3580
|a Quesada Yannarella, Liliana
|
| 245 |
1 |
0 |
|a Diagnósticos evaluativos de la enseñanza de las ciencias generales, el español, y el inglés en la educación general básica y en la educación diversificada : formación académica y situación laboral / Liliana Quesada Yannarella, ...[et. al]
|
| 260 |
|
|
|a San José, Costa Rica :
|b IIMEC,
|c 1984
|
| 300 |
|
|
|a 45 páginas
|
| 500 |
|
|
|a Primer informe final. El Centro posee tambien segundo informe final sobre asesoramiento. Tercer informe final sobre planeamiento e informes finales sobre lineamientos curriculares
|
| 520 |
|
|
|a PRIMER INFORME: FORMACION ACADEMICA Y SITUACION LABORAL: Este primer avance tiene como propósito analizar la formación académica y la situación laboral de los profesores de ciencias generales, español e inglés, que enseñan en el tercer ciclo de la edu
|
| 650 |
1 |
4 |
|a EDUCACIÓN SECUNDARIA
|9 456
|
| 650 |
1 |
4 |
|a DIAGNÓSTICO
|9 632
|
| 650 |
1 |
4 |
|a ENSEÑANZA DE LAS CIENCIAS
|9 996
|
| 650 |
1 |
4 |
|a ESPAÑOL
|9 36
|
| 650 |
1 |
4 |
|a INGLÉS
|9 35
|
| 650 |
1 |
4 |
|a EDUCACIÓN PRIMARIA
|9 367
|
| 650 |
1 |
4 |
|a SISTEMAS DE ENSEÑANZA
|9 401
|
| 942 |
|
|
|i 0027,0028 ,0046 ,00547 ,00548 ,001015 ,0047
|h 06.03.06 106
|2 z
|c 01
|